The techniques of fiction ; an analysis of creative writing.

Bibliographic Details
Main Author: Goodman, Theodore
Format: Book
Language:English
Published: New York : Liveright Pub. Corp., [1955]
Subjects:

MARC

Tag First Indicator Second Indicator Subfields
LEADER 00000cam a2200000 4500
001 in00000031672
005 20151007063052.0
008 751008s1955 nyu 00000 eng
010 |a  55009333  
035 |a (OCoLC)01687079 
035 |9 AAD6477AM 
040 |a DLC  |c DZM  |d TXA  |d UtOrBLW 
049 |a TXAM  |c [261329] 
050 0 |a PN3355  |b .G6 
082 0 |a 808.3 
092 |a 808.3  |b G653t 
100 1 |a Goodman, Theodore. 
245 1 4 |a The techniques of fiction ;  |b an analysis of creative writing. 
264 1 |a New York :  |b Liveright Pub. Corp.,  |c [1955] 
300 |a 288 pages ;  |c 23 cm. 
336 |a text  |b txt  |2 rdacontent 
337 |a unmediated  |b n  |2 rdamedia 
338 |a volume  |b nc  |2 rdacarrier 
650 0 |a Fiction  |x Technique. 
999 |a MARS 
999 f f |s 8181badf-6043-3aaa-8c7b-811ceacb44b3  |i 8a9c9d43-fe83-37e4-bf00-965070a561ce  |t 0 
952 f f |p ric  |a Texas A&M University  |b Rellis Campus  |c Joint Library Facility  |d Remote Storage  |t 0  |e PN3355 .G6  |h Library of Congress classification  |i unmediated -- volume  |m A14801198235 
998 f f |a PN3355 .G6  |t 0  |l Remote Storage